000 00756cam a2200217 a 4500
001 000019415
005 20200929170018.0
008 790731s1966 sp 001 e spa d
040 _aDO-SdBNP
_bspa
_dBNPHU
082 _a864.6
_bÓ77es
100 1 _aOrtega y Gasset, José,
_d1883-1955.
_95769
245 1 3 _aEl espectador /
_cJosé Ortega y Gasset.
260 _aMadrid :
_bEspasa-Calpe,
_c1966.
300 _av. ;
_c18 cm.
490 1 _aAustral. Verde: ensayos y filosofía
_v1381,
_v1407,
_v1414,
_v1420
500 _aIncluye índice de autores.
650 4 _aEnsayos españoles
_93095
650 4 _aLiteratura española
_ySIGLO XX
_93326
830 0 _aAustral.
_pVerde: ensayos y filosofía;
_v1381,
_v1390,
_v1407,
_v1414,
_v1420
_98733
910 _aEn proceso
999 _c18931
_d18931